00450nam a22001577a 4500008004100000040005500041080001800096245002800114260003900142300001300181500001700194650001600211653001300227700002700240700002500267230807b |||||||| |||| 00| 0 eng d aNational Science LibrarycNational Science Library a576.8.097(05) aAdvances in immunology  aNew York: bAcademic Press, c1962 ax, 390p. aVol. 2, 1962 aImmunology  aScience  aTaliaferro, W H (Ed.)  aHumphrey, J H (Ed.)